Organizace a řízení socialistických zemědělských podniků 2. díl

Bibliographic Details
Main Author: Pilíšek, Vladimír, 1927-1992 (Author)
Format: Book
Language:Czech
PhysicalDescription:192 s. 4°
Published: Praha Státní pedagogické nakladatelství 1974
Edition:1/1 vyd.
Subjects:

MARC

LEADER 00000cam a2200000 a 4500
001 vtls001354498
003 SK-MaSNL
005 20260301010447.0
008 240313s1974 xr 00000 cze
020 |q (brož.) 
035 |a SNK000307938 
040 |a SNK  |b slo  |c SNK  |e AACR2 
041 0 |a cze 
044 |a xr  |c CZ 
080 |a 65.012.4:631.1(075.8)  |2 1981 
100 1 |a Pilíšek, Vladimír,  |d 1927-1992  |4 aut  |9 260627 
245 1 |a Organizace a řízení socialistických zemědělských podniků  |n 2. díl  |c Vladimír Pilíšek a kolektiv 
250 |a 1/1 vyd. 
260 |a Praha  |b Státní pedagogické nakladatelství  |c 1974 
300 |a 192 s.  |c 4° 
650 0 7 |a poľnohospodárske podniky  |2 SNKPH  |9 4194 
650 0 7 |a podnikový manažment  |2 SNKPH  |9 3483 
655 7 |a učebnice vysokých škôl  |2 SNKPH  |9 70191 
710 2 |a Vysoká škola zemědělská v Praze  |4 pbl  |9 203123 
852 |a Slovenská národná knižnica 
958 |a RK 
958 |a OND 
999 |c 548178  |d 550108 
952 |t P60, <04>, [BOOK], {604}  |a SNK  |b SNK  |y VYP  |7 0  |o snkIB 28399/2  |i snkKIP 1733/74  |0 0  |1 0  |4 0  |d 1999-02-05  |l 0  |r 2005-01-02 00:00:00  |w 2026-02-23 
952 |t P60, <04>, [BOOK], {604}  |a SNK  |b SNK  |y VYP  |7 0  |o snkIB 28399/2 D1  |i snkKIP 1734/74  |0 0  |1 0  |4 0  |d 1999-02-05  |l 0  |r 2005-01-02 00:00:00  |w 2026-02-23